Online
Catalog

Puerto Plata : (Record no. 593)

MARC details
000 -CABECERA
campo de control de longitud fija 01909nam a2200301 a 4500
001 - NÚMERO DE CONTROL
campo de control 000000595
003 - IDENTIFICADOR DEL NÚMERO DE CONTROL
campo de control DO-SdBNP
005 - FECHA Y HORA DE LA ÚLTIMA TRANSACCIÓN
campo de control 20211115115840.0
008 - DATOS DE LONGITUD FIJA--INFORMACIÓN GENERAL
campo de control de longitud fija 090331s2000 dr abc 000 0 spa d
020 ## - NÚMERO INTERNACIONAL ESTÁNDAR DEL LIBRO
Número Internacional Estándar del Libro 9993401439
020 ## - NÚMERO INTERNACIONAL ESTÁNDAR DEL LIBRO
Número Internacional Estándar del Libro 9789993401438
040 ## - FUENTE DE LA CATALOGACIÓN
Centro catalogador/agencia de origen DO-SdBNP
Lengua de catalogación spa
Centro/agencia transcriptor BNPHU
082 ## - NÚMERO DE LA CLASIFICACIÓN DECIMAL DEWEY
Número de clasificación 972.9358
Número de documento/Ítem N753p
100 1# - ENTRADA PRINCIPAL--NOMBRE DE PERSONA
Nombre de persona Noboa Warden, Margarita,
Fechas asociadas al nombre 1948-
9 (RLIN) 1942
245 10 - MENCIÓN DE TÍTULO
Título Puerto Plata :
Resto del título la reina del Océano Atlántico (geografía, historia, cultura y desarrollo de la provincia) /
Mención de responsabilidad, etc. Margarita Noboa Warden ; prólogo Rodrigo Jaque García.
260 ## - PUBLICACIÓN, DISTRIBUCIÓN, ETC.
Lugar de publicación, distribución, etc. Santo Domingo :
Nombre del editor, distribuidor, etc. Búho,
Fecha de publicación, distribución, etc. 2000.
300 ## - DESCRIPCIÓN FÍSICA
Extensión 372 p. :
Otras características físicas il., retrs. ;
Dimensiones 23 cm.
500 ## - NOTA GENERAL
Nota general Incluye datos biográficos de la autora en la solapa de la cubierta
504 ## - NOTA DE BIBLIOGRAFÍA, ETC.
Nota de bibliografía, etc. Incluye referencias biográficas y notas al pie de las páginas.
504 ## - NOTA DE BIBLIOGRAFÍA, ETC.
Nota de bibliografía, etc. Bibliografía: p. 365-372.
505 0# - NOTA DE CONTENIDO CON FORMATO
Título Puerto Plata: la reina del Océano Atlántico --
-- Prólogo --
-- Introducción --
-- Ámbito geográfico de la provincia de Puerto Plata --
-- Nuestra isla antes de la llegada del almirante Cristóbal Colón --
-- Fundación, colonización y evolución de Puerto Plata --
-- El Puerto Plata de ayer --
-- Puerto Plata hoy: municipios que la conforman --
-- Base económica de la provincia --
-- Estudio socio demográfico --
-- Gobierno municipal, cultura y deportes --
-- La provincia de Puerto Plata frente a los retos del nuevo milenio --
-- Anexos.
586 ## - NOTA DE PREMIOS
Nota de premios " La presente obra obtuvo el tercer premio de la subregión Cibao Central en el Primer Concurso Nacional sobre Historia y Desarrollo de las Provincias de la Comisión Presidencial de Apoyo al Desarrollo Provincial ".-- En portada
650 #4 - PUNTO DE ACCESO ADICIONAL DE MATERIA--TÉRMINO DE MATERIA
Término de materia o nombre geográfico como elemento de entrada Ciudades y pueblos
Subdivisión geográfica República Dominicana
9 (RLIN) 784
651 #4 - PUNTO DE ACCESO ADICIONAL DE MATERIA--NOMBRE GEOGRÁFICO
Nombre geográfico Puerto Plata (República Dominicana)
Subdivisión general Historia local
9 (RLIN) 1943
700 1# - PUNTO DE ACCESO ADICIONAL--NOMBRE DE PERSONA
Nombre de persona Jacque García, Rodrigo,
Término indicativo de función/relación pról.
9 (RLIN) 1944
910 ## - DATOS DE OPCIÓN DEL USUARIO (OCLC)
Datos de opción del usuario Validado. Control de calidad MMOLINA
942 ## - ELEMENTOS DE PUNTO DE ACCESO ADICIONAL (KOHA)
Fuente del sistema de clasificación o colocación Dewey Decimal Classification
Tipo de ítem Koha Libro
Holdings
Estado de retiro Estado de pérdida Restricciones de uso No para préstamo Código de colección Localización permanente Ubicación/localización actual Ubicación en estantería Fecha de adquisición Número de inventario Total de préstamos Signatura topográfica completa Código de barras Fecha visto por última vez Número de copia Precio válido a partir de Tipo de ítem Koha
    Préstamo en sala   Dominicana de Servicio Biblioteca Nacional Pedro Henríquez Ureña Biblioteca Nacional Pedro Henríquez Ureña Depósito 20.08.2009 LF1   972.9358 N753p 595-30 25.06.2020 e. 3 25.06.2020 Libros y folletos
    Préstamo en sala   Dominicana de Servicio Biblioteca Nacional Pedro Henríquez Ureña Biblioteca Nacional Pedro Henríquez Ureña Depósito 20.08.2009 LF1   972.9358 N753p 595-40 25.06.2020 e. 4 25.06.2020 Libros y folletos
    Préstamo en sala   Dominicana de Servicio Biblioteca Nacional Pedro Henríquez Ureña Biblioteca Nacional Pedro Henríquez Ureña Depósito 03.02.2010 LF1   972.9358 N753p 595-50 25.06.2020 e. 5 25.06.2020 Libros y folletos
    Préstamo restringido Excluido de préstamo Patrimonio Dominicano Biblioteca Nacional Pedro Henríquez Ureña Biblioteca Nacional Pedro Henríquez Ureña Depósito 20.08.2009 LF1   972.9358 N753p 595-10 25.06.2020   25.06.2020 Libros y folletos
    Préstamo restringido Excluido de préstamo Patrimonio Dominicano Biblioteca Nacional Pedro Henríquez Ureña Biblioteca Nacional Pedro Henríquez Ureña Depósito 20.08.2009 LF1   972.9358 N753p 595-20 25.06.2020 e. 2 25.06.2020 Libros y folletos

Powered by Koha